[Event "FSGM March"]
[Site "Budapest HUN"]
[Date "2002.03.11"]
[Round "10"]
[White "Lukacs,P"]
[Black "Vajda,Al"]
[Result "1/2-1/2"]
[WhiteElo "2444"]
[BlackElo "2364"]

1.d4 d5 2.c4 c6 3.Nf3 Nf6 4.Nc3 dxc4 5.a4 Bf5 6.e3 e6 7.Bxc4 Bb4 8.O-O Nbd7
9.Qe2 O-O 10.e4 Bg6 11.Bd3 a6 12.Bf4 Re8 13.Rfd1 Qb6 14.Rac1 Rac8 15.Na2 Bf8
16.b4 a5 17.bxa5  1/2-1/2

[Event "ch-RUS Boys U20"]
[Site "Vladimir RUS"]
[Date "2002.03.11"]
[Round "10"]
[White "Sultangareev,M"]
[Black "Prizant,J"]
[Result "1/2-1/2"]
[WhiteElo "2327"]
[BlackElo "2459"]

1.d4 d5 2.Nf3 c6 3.c4 Nf6 4.Nc3 dxc4 5.a4 Bf5 6.Nh4 e6 7.Nxf5 exf5 8.e3 Bb4
9.Bxc4 O-O 10.O-O Nbd7 11.Bd2 g6 12.Qe2 Rc8 13.Ba2 c5 14.Rad1 Qa5 15.Nd5 Nxd5
16.Bxd5 Rc7 17.Bxb4 Qxb4 18.dxc5  1/2-1/2

[Event "Masters"]
[Site "Wroxham ENG"]
[Date "2002.03.11"]
[Round "4"]
[White "Arkell,K"]
[Black "Gormally,D"]
[Result "1/2-1/2"]
[WhiteElo "2463"]
[BlackElo "2506"]

1.d4 d5 2.c4 c6 3.Nf3 Nf6 4.Nc3 dxc4 5.a4 Bf5 6.Nh4 Bc8 7.e3 e5 8.Bxc4 exd4
9.exd4 Be7 10.O-O O-O 11.Re1 Na6 12.Bg5 Nc7 13.Qf3 Nfd5 14.Bxe7 Nxe7 15.Rad1 Ned5
16.Nf5 Nxc3 17.bxc3 Be6 18.Ne3 Bxc4 19.Nxc4 Nd5 20.g3 b5 21.Ne5 Rc8 22.c4 bxc4
23.Nxc4 Nb6 24.Nxb6 Qxb6 25.Qc3 c5 26.dxc5 Rxc5 27.Qe3 Rc4 28.Qxb6 axb6 29.Rb1 Rxa4  1/2-1/2

[Event "Ciocaltea Mem"]
[Site "Bucharest ROM"]
[Date "2002.03.12"]
[Round "9"]
[White "Rogozenko,D"]
[Black "Murariu,A"]
[Result "1-0"]
[WhiteElo "2530"]
[BlackElo "2418"]

1.Nf3 Nf6 2.c4 c6 3.d4 d5 4.Nc3 dxc4 5.a4 Bf5 6.Ne5 e6 7.f3 Bb4 8.e4 Bxe4
9.fxe4 Nxe4 10.Bd2 Qxd4 11.Nxe4 Qxe4+ 12.Qe2 Bxd2+ 13.Kxd2 Qd5+ 14.Kc2 Na6
15.Nxc4 O-O-O 16.Qe3 c5 17.Kb3 Nb4 18.Rc1 Nc6 19.Ka3 Nd4 20.Rg1 f6 21.g4 Qc6
22.Bg2 Qa6 23.b3 Kb8 24.Kb2 e5 25.g5 Rhe8 26.Rce1 Ne6 27.gxf6 gxf6 28.Qe4 Nf4
29.Bf1 Ng6 30.h4 Rd4 31.Qc2 Rxh4 32.Qf2 Rd4 33.Nxe5 Qd6 34.Nc4 Qd8 35.Rxe8 Qxe8
36.Qxf6 Qe1 37.Rxg6 Rd2+ 38.Nxd2 Qxd2+ 39.Ka3 Qb4+ 40.Ka2 Qd2+ 41.Qb2 Qxb2+
42.Kxb2 hxg6 43.Kc3 Kc7 44.Kc4 b6 45.Kb5  1-0

[Event "72nd ch-ARG"]
[Site "Pinamar ARG"]
[Date "2002.03.14"]
[Round "5"]
[White "Giardelli,S"]
[Black "Felgaer,R"]
[Result "0-1"]
[WhiteElo "2428"]
[BlackElo "2509"]

1.d4 Nf6 2.Nf3 d5 3.c4 c6 4.Nc3 dxc4 5.a4 Bf5 6.Ne5 Nbd7 7.Nxc4 Qc7 8.Ne3 Bg6
9.g3 Rd8 10.Bg2 e5 11.O-O exd4 12.Qxd4 Ne5 13.Qxa7 Nfd7 14.Ned5 cxd5 15.Nxd5 Qb8
16.Qxb8 Rxb8 17.f4 Bc5+ 18.Kh1 Nc6 19.f5 Bh5 20.Nf4 Bg4 21.Nd3 O-O 22.Bf4 Rbd8
23.Rfc1 Bd4 24.e3 Bf6 25.Bc7 Rc8 26.Bd6 Rfd8 27.e4 Nde5 28.Nxe5 Nxe5 29.Bc7 Re8
30.Rc2 Be2 31.Re1 Bd3 32.Rc3 Ba6  0-1

[Event "13th Goodricke"]
[Site "Calcutta IND"]
[Date "2002.03.18"]
[Round "2"]
[White "Fominyh,A"]
[Black "Sundararajan,K"]
[Result "1-0"]
[WhiteElo "2536"]
[BlackElo "2412"]

1.d4 d5 2.c4 c6 3.Nf3 Nf6 4.Nc3 dxc4 5.a4 Bf5 6.e3 e6 7.Bxc4 Bb4 8.O-O O-O
9.Nh4 Nbd7 10.f3 Bg6 11.e4 e5 12.dxe5 Nxe5 13.Be2 Qe7 14.Qb3 Rad8 15.Be3 Nd5
16.exd5 Qxh4 17.Rad1 Qe7 18.Bxa7 b5 19.Bf2 bxa4 20.Nxa4 cxd5 21.Nb6 Bc5 22.Nxd5 Bxf2+
23.Rxf2 Qc5 24.f4 Bc2 25.Ne7+ Kh8 26.Rxd8 Rxd8 27.Qc3 Qxc3 28.bxc3 Nd3 29.Bxd3 Bxd3
30.Rd2 g6 31.Kf2 Rd7 32.Ke3 Rxe7+ 33.Kxd3 Rd7+ 34.Kc2 Rc7 35.Kb3 Rb7+ 36.Ka4 Kg7
37.c4 Kf6 38.c5 Rb1 39.c6 Ke7 40.Ka5 h5 41.c7 Rc1 42.Kb6 Rb1+ 43.Kc6 Rc1+
44.Kb7 Rb1+ 45.Kc8 Rb4 46.g3 h4 47.Re2+ Kf6 48.Re8  1-0

[Event "13th Goodricke"]
[Site "Calcutta IND"]
[Date "2002.03.22"]
[Round "6"]
[White "Gleizerov,E"]
[Black "Fominyh,A"]
[Result "1/2-1/2"]
[WhiteElo "2587"]
[BlackElo "2536"]

1.d4 d5 2.c4 c6 3.Nf3 Nf6 4.Nc3 dxc4 5.a4 Bf5 6.e3 e6 7.Bxc4 Bb4 8.O-O O-O
9.Nh4 Bg4 10.f3 Bh5 11.g4 Nd5 12.Ng2 Bg6 13.Na2 Be7 14.e4 Nf6  1/2-1/2

[Event "Europe Chess GM"]
[Site "Eger HUN"]
[Date "2002.03.22"]
[Round "3"]
[White "Pataki,G"]
[Black "Hajnal,Z"]
[Result "1-0"]
[WhiteElo "2308"]
[BlackElo "2403"]

1.d4 d5 2.c4 c6 3.Nc3 Nf6 4.Nf3 dxc4 5.a4 Bf5 6.e3 e6 7.Bxc4 Bb4 8.O-O O-O
9.Qe2 Nbd7 10.e4 Bg6 11.Bd3 Bh5 12.e5 Nd5 13.Nxd5 cxd5 14.Qe3 h6 15.Ne1 Bxe1
16.Qh3 Qb6 17.Qxh5 Qxd4 18.Qd1 Bxf2+ 19.Rxf2 Kh8 20.Bf4 Nxe5 21.Bb5 Qxd1+
22.Rxd1 Nc6 23.Bxc6 bxc6 24.Bd6 Rfd8 25.Be7 Rd7 26.Rxf7 Rb7 27.Rd2 Kg8 28.Rdf2 e5
29.Rf8+ Rxf8 30.Bxf8 d4 31.Bc5 Rd7 32.a5 a6 33.Kf1 Kh7 34.Ke2 Rd5 35.b4 e4
36.Rf4 d3+ 37.Kd2 Re5 38.Bd4 Re7 39.Ke3 g5 40.Rf6  1-0

[Event "ch-DEN"]
[Site "Greve DEN"]
[Date "2002.03.23"]
[Round "1"]
[White "Schandorff,L"]
[Black "Berg,K"]
[Result "1-0"]
[WhiteElo "2545"]
[BlackElo "2418"]

1.d4 d5 2.c4 c6 3.Nf3 Nf6 4.Nc3 dxc4 5.a4 Bf5 6.Ne5 Nbd7 7.Nxc4 Nb6 8.Ne3 Be6
9.a5 Nbd5 10.Nexd5 Bxd5 11.Qc2 Bc4 12.Ra4 Bb5 13.Nxb5 cxb5 14.Ra1 e6 15.e3 a6
16.Qb3 Qd5 17.Qxd5 Bb4+ 18.Bd2 Nxd5 19.Be2 Rc8 20.Bd3 Kd7 21.Ke2 Bxd2 22.Kxd2 Rc7
23.Rhc1 Rhc8 24.Rxc7+ Rxc7 25.g4 h6 26.h4 g6 27.g5 h5 28.Be4 Nb4 29.Ra3 Kc8
30.Rc3 Kd7 31.Rxc7+ Kxc7 32.Kc3 Nd5+ 33.Bxd5 exd5 34.f3 b6 35.axb6+ Kxb6
36.b4 a5 37.bxa5+ Kxa5 38.Kb3 Kb6 39.Kb4 Ka6 40.e4 dxe4 41.fxe4 Kb6 42.d5 Kc7
43.e5 Kb6 44.d6 Kc6 45.Ka5 Kd7 46.Kxb5  1-0

[Event "13th Goodricke"]
[Site "Calcutta IND"]
[Date "2002.03.27"]
[Round "11"]
[White "Singh,SV"]
[Black "Suvrajit,S"]
[Result "0-1"]
[WhiteElo "2299"]
[BlackElo "2346"]

1.d4 d5 2.c4 c6 3.Nc3 Nf6 4.Nf3 dxc4 5.a4 Bf5 6.e3 e6 7.Bxc4 Bb4 8.O-O Nbd7
9.Nh4 Bg4 10.f3 Bh5 11.g4 Nd5 12.Qe1 Be7 13.Ng2 Bg6 14.e4 Nb4 15.Qf2 e5 16.Be3 Nb6
17.Bb3 Nd3 18.Qe2 exd4 19.Qxd3 dxe3 20.Qxe3 Nd7 21.Kh1 Bc5 22.Qe2 Qe7 23.a5 a6
24.Rad1 O-O-O 25.f4 h5 26.g5 h4 27.Rd2 h3 28.Ne1 Rh4 29.Nd3 Bd4 30.e5 Bh5
31.Qe1 Rg4 32.Bd1 Nc5 33.Ne4 Nxe4 34.Qxe4 Rg2 35.Rxg2 hxg2+ 36.Kxg2 Bxd1
37.Rxd1 g6 38.b4 Qe6 39.Nf2 Qc4 40.Qd3 Qxb4 41.Ne4 Rd5 42.Nd6+ Kb8 43.Qb1 Bb2
44.Rxd5 cxd5 45.Nxf7 Qd2+ 46.Kh1 Qxf4 47.Kg2 Qg4+ 48.Kf1 Qf3+  0-1

[Event "Foxwoods Open"]
[Site "Connecticut USA"]
[Date "2002.03.28"]
[Round "1"]
[White "Salman,J"]
[Black "Sammour Hasbun,J"]
[Result "1/2-1/2"]
[WhiteElo "2241"]
[BlackElo "2443"]

1.d4 d5 2.c4 c6 3.Nf3 Nf6 4.Nc3 dxc4 5.a4 Bf5 6.e3 e6 7.Bxc4 Bb4 8.O-O Nbd7
9.Qe2 Bg6 10.Rd1 O-O 11.h3 Qe7 12.Nh4 Bh5 13.g4 Nd5 14.Ng2 Bg6 15.Bd2 a5
16.e4 N5b6 17.Nf4 Nxc4 18.Qxc4 Bxc3 19.Nxg6 fxg6 20.Qxc3 g5 21.Qb3 Qf7 22.Qg3 h6
23.Ra3 e5 24.Be3 exd4 25.Bxd4 Rae8 26.Rad3 Rxe4 27.Bxg7 Qxg7 28.Rxd7 Qxb2
29.Rd8 Rf4 30.Rxf8+ Rxf8 31.Qe3 Qf6 32.Rd7 Rf7 33.Qe8+ Rf8 34.Qe3 Rf7 35.Qe8+ Rf8
36.Qe3  1/2-1/2

[Event "Suetin Mem"]
[Site "Tula RUS"]
[Date "2002.03.29"]
[Round "7"]
[White "Kiselev,S"]
[Black "Kuporosov,V"]
[Result "1/2-1/2"]
[WhiteElo "2437"]
[BlackElo "2473"]

1.d4 d5 2.c4 c6 3.Nf3 Nf6 4.Nc3 dxc4 5.a4 Bf5 6.e3 e6 7.Bxc4 Bb4 8.O-O O-O
9.Ne5 Nbd7 10.Nxd7 Qxd7 11.f3 Rfd8 12.Qb3 Ba5 13.Rd1 Bg6 14.e4 Bb6 15.e5 Nd5
16.Bxd5 cxd5 17.a5 Bc7 18.Qxb7 a6 19.Qb3 Rab8 20.Qa3  1/2-1/2

[Event "ch-VIE"]
[Site "Vung Tau VIE"]
[Date "2002.04.01"]
[Round "8"]
[White "Pham Minh Hoang1"]
[Black "Nguyen Thanh Son"]
[Result "1/2-1/2"]
[WhiteElo "2358"]
[BlackElo "2452"]

1.d4 Nf6 2.Nf3 d5 3.c4 c6 4.Nc3 dxc4 5.a4 Bf5 6.Ne5 Nbd7 7.Nxc4 Qc7 8.g3 e5
9.dxe5 Nxe5 10.Bf4 Nfd7 11.Nxe5 Nxe5 12.Qd4 f6 13.Bg2 Qd6 14.Qe3 Qc5 15.Qc1 Nc4
16.O-O Qb4 17.a5 a6 18.Bd5 Qb3 19.Bxc4 Qxc4 20.Qe3+ Kf7 21.b3 Qc5 22.Qf3 Be6
23.Rfd1 g5 24.Bd6 Qf5 25.Qe3 Re8 26.Bxf8 Bc8 27.Qb6 Rhxf8 28.Rd4 Re7 29.Rad1 Qc2
30.R4d3 Bf5 31.e4 Bg4 32.f3 Bxf3 33.Qf2  1/2-1/2

[Event "New White Plus GM open"]
[Site "Dhaka BAN"]
[Date "2002.04.02"]
[Round "4"]
[White "Roktim,B"]
[Black "Murshed,N"]
[Result "1-0"]
[WhiteElo "2315"]
[BlackElo "2448"]

1.Nf3 d5 2.d4 Nf6 3.c4 c6 4.Nc3 dxc4 5.a4 Bf5 6.Ne5 Nbd7 7.Nxc4 Nb6 8.Ne5 e6
9.f3 Nfd7 10.a5 Nxe5 11.axb6 Nd7 12.e4 Bg6 13.Rxa7 Nxb6 14.Rxb7 Ra1 15.Be2 Bd6
16.O-O O-O 17.Qb3 Qh4 18.f4 Rxc1 19.g3 Qh3 20.Rxc1 Bxf4 21.Bf1 Qg4 22.Qd1 Qg5
23.Rc2 Nc8 24.Kh1 Be3 25.Bg2 f5 26.Qd3 fxe4 27.Qd1 Nd6  1-0

[Event "FSGMB April"]
[Site "Budapest HUN"]
[Date "2002.04.03"]
[Round "2"]
[White "Farago,I"]
[Black "Pinter,G"]
[Result "1/2-1/2"]
[WhiteElo "2506"]
[BlackElo "2363"]

1.d4 d5 2.c4 c6 3.Nc3 Nf6 4.Nf3 dxc4 5.a4 Bf5 6.e3 e6 7.Bxc4 Bb4 8.O-O O-O
9.Qe2 Bg6 10.Ne5 Nbd7 11.Nxg6 hxg6 12.Rd1 Qa5 13.e4 e5 14.d5 Nb6 15.dxc6 bxc6
16.Bb3 Rad8 17.Na2 Rxd1+ 18.Bxd1 Rd8 19.Bc2 Bd2  1/2-1/2

[Event "FSIMB April"]
[Site "Budapest HUN"]
[Date "2002.04.03"]
[Round "2"]
[White "Farago,S"]
[Black "Alfred,N"]
[Result "0-1"]
[WhiteElo "2286"]
[BlackElo "2246"]

1.d4 Nf6 2.c4 c6 3.Nc3 d5 4.Nf3 dxc4 5.a4 Bf5 6.Ne5 Nbd7 7.Nxc4 Qc7 8.g3 e5
9.dxe5 Nxe5 10.Bf4 Nfd7 11.e4 Be6 12.Qh5 g5 13.Bxe5 Nxe5 14.Ne3 Qb6 15.O-O-O Bb4
16.Bh3 Bxh3 17.Qxh3 Bxc3 18.bxc3 Qb3 19.Rd4 Qxc3+ 20.Nc2 Rd8 21.Rhd1 Rxd4
22.Rxd4 Nd3+ 23.Rxd3 Qxd3 24.Qc8+ Qd8 25.Qxb7 O-O 26.Qxa7 Qd3 27.Qc5 h6 28.h4 Rd8
29.hxg5 Qd2+ 30.Kb2 Rb8+ 31.Ka2 Qc1 32.Qc3 hxg5 33.f4 g4 34.a5 c5 35.a6 c4
36.a7 Qb1+ 37.Ka3 Rb3+ 38.Ka4 Qa2+  0-1

[Event "ch-MGL"]
[Site "Ulaanbaatar MGL"]
[Date "2002.04.03"]
[Round "4"]
[White "Surendorj,H"]
[Black "Tovsanaa,N"]
[Result "0-1"]
[WhiteElo "2300"]
[BlackElo "2310"]

1.d4 d5 2.c4 c6 3.Nc3 Nf6 4.Nf3 dxc4 5.a4 Bf5 6.Ne5 Nbd7 7.Nxc4 Nb6 8.e3 e6
9.Bd3 Nxc4 10.Bxc4 Bb4 11.O-O O-O 12.Bd3 Bxd3 13.Qxd3 Qc7 14.Bd2 a5 15.Rfd1 Rfd8
16.Ne4 Be7 17.Nxf6+ Bxf6 18.Qc4 Rd5 19.b4 axb4 20.Bxb4 c5 21.a5 Qd8 22.Bxc5 Rxa5
23.Rxa5 Qxa5 24.Rb1 Rd7 25.Bb6 Qa8 26.Rc1 h6 27.Qc8+ Qxc8 28.Rxc8+ Kh7 29.f4 g5
30.fxg5 hxg5 31.Rb8 Kg6 32.Kf2 Kf5 33.Kf3 g4+ 34.Ke2 e5 35.h3 gxh3 36.gxh3 exd4
37.exd4 Ke4 38.Re8+ Re7 39.Rxe7+ Bxe7 40.Kd2 Bg5+ 41.Kc3 f5 42.Kc4 Be3 43.h4 f4
44.Bc7 f3 45.Bg3 Bxd4 46.h5 Be3 47.Bh4 Kf5 48.Kd3 Bc5 49.Bd8 b5 50.Bh4 b4
51.Kc4 Be7 52.Be1 Kg5 53.Kd3 Kxh5 54.Ke3 Kg4  0-1

[Event "ch-VIE"]
[Site "Vung Tau VIE"]
[Date "2002.04.04"]
[Round "11"]
[White "Dao Thien Hai"]
[Black "Pham Minh Hoang1"]
[Result "1-0"]
[WhiteElo "2528"]
[BlackElo "2358"]

1.d4 d5 2.c4 c6 3.Nf3 Nf6 4.Nc3 dxc4 5.a4 Bf5 6.Nh4 Bg4 7.h3 Bh5 8.g4 Bg6
9.Bg2 e6 10.O-O Na6 11.g5 Nd7 12.f4 Be7 13.e4 f6 14.gxf6 gxf6 15.f5 Bf7 16.fxe6 Bxe6
17.Nf5 Bf8 18.e5 Qa5 19.Qh5+ Kd8 20.exf6 Nb4 21.f7 Nd3 22.Qg5+ Kc7 23.Ng7 Bd5
24.Ne6+ Kb6 25.Bxd5 cxd5 26.Nxd5+ Kc6 27.Nec7 b6 28.Bd2 Bb4 29.Nxb4+ Nxb4
30.Qg2+ Kxc7 31.Bf4+ Ne5 32.Bxe5+ Kd7 33.Qb7+  1-0

[Event "6th Linklater Mem"]
[Site "San Francisco USA"]
[Date "2002.04.05"]
[Round "3"]
[White "Donaldson,J"]
[Black "Nambiar,V"]
[Result "1/2-1/2"]
[WhiteElo "2430"]
[BlackElo "2203"]

1.Nf3 d5 2.d4 Nf6 3.c4 c6 4.Nc3 dxc4 5.a4 Bf5 6.e3 e6 7.Bxc4 Bb4 8.O-O O-O
9.Qe2 Bg6 10.Ne5 Nbd7 11.Nxg6 hxg6 12.Rd1 Qa5 13.Qc2 Rad8 14.Bd2 Nb6 15.Bb3 Qh5
16.Ne4 Bxd2 17.Nxf6+ gxf6 18.Rxd2 Qa5 19.Qc3 Qxc3 20.bxc3 c5 21.Rb1 cxd4
22.cxd4 Rc8 23.Kf1 Rc7 24.a5 Nd7 25.Ba4 Rfc8 26.Ke2 b6 27.Bxd7 Rxd7 28.axb6 Rb7
29.Rdb2 Rcb8 30.Kd3 Rxb6 31.Rxb6 axb6 32.Rb2 f5 33.Kc4 g5 34.h3 Kg7 35.g4 Kf6
36.Rb5 fxg4 37.hxg4 Rc8+ 38.Kd3 Rc6 39.f3 Kg6 40.e4 f6 41.d5 Rd6 42.Kd4 exd5
43.exd5 Kf7 44.Rb1 Ke7 45.Rh1 Kd7 46.Rh7+ Kc8 47.Rf7 Kd8 48.Kc4 Kc8 49.Kd4 Kd8
50.Ke4 Ke8 51.Ra7 Kd8 52.Ra1 Kc7 53.Rc1+ Kd7 54.Rb1 Kc7 55.Rb5 Kb7 56.Rb2 Kc7
57.Rd2 Kd7 58.Kf5 b5 59.Ke4 Rb6 60.Kd4 b4 61.Kc5 Rb8 62.Rh2 Rc8+ 63.Kxb4 Kd6
64.Rh6 Ke5 65.d6 Rd8 66.Kc5 Rxd6 67.f4+ gxf4 68.Rh5+ Ke6 69.Rf5 Rd1 70.Rxf4 Rd5+
71.Kc4  1/2-1/2

[Event "TCh-CZE 2001-2"]
[Site "CZE"]
[Date "2002.04.07"]
[Round "11"]
[White "Sobek,J"]
[Black "Cernousek,L"]
[Result "0-1"]
[WhiteElo "2266"]
[BlackElo "2270"]

1.d4 d5 2.c4 c6 3.Nf3 Nf6 4.Nc3 dxc4 5.a4 Bf5 6.e3 e6 7.Bxc4 Bb4 8.O-O Nbd7
9.Nh4 O-O 10.f3 Bg6 11.Nxg6 hxg6 12.Qc2 Qb6 13.Na2 Be7 14.Bd2 a5 15.Nc3 Rfd8
16.Kh1 Rac8 17.Rfd1 c5 18.Nb5 cxd4 19.exd4 Nd5 20.Qb3 N7f6 21.Rac1 Rc6 22.Qd3 Bb4
23.Bg5 Nc7 24.Nc3 Be7 25.Be3 Nfd5 26.Nxd5 Nxd5 27.Bxd5 Rxd5 28.Rxc6 Qxc6
29.Qb3 Qd7 30.Rc1 Bf6 31.Rc5 Rd6 32.Qb5 Bxd4 33.Bxd4 Rxd4 34.Qxd7 Rxd7 35.h3 b6
36.Rc8+ Kh7 37.Rc6 Rb7 38.Kh2 g5 39.Kg3 Kg6 40.h4 b5 41.hxg5 bxa4 42.Rc5 Rxb2
43.Rxa5 Ra2 44.Kh3 a3 45.g4 Ra1 46.Kg2 f6 47.gxf6 gxf6 48.f4 f5 49.gxf5+ exf5
50.Kh3 a2 51.Kg2 Kf6 52.Kh2 Ke6 53.Kg2 Kd6 54.Kh2 Kc6 55.Kg2 Kb6 56.Ra8 Kb5
57.Ra7 Kc4 58.Kh2 Kd3 59.Ra4 Ke2 60.Ra3 Kf2 61.Rf3+  0-1

[Event "ch-MGL"]
[Site "Ulaanbaatar MGL"]
[Date "2002.04.07"]
[Round "9"]
[White "Sharavdorj,D"]
[Black "Tovsanaa,N"]
[Result "1-0"]
[WhiteElo "2425"]
[BlackElo "2310"]

1.d4 d5 2.c4 c6 3.Nf3 Nf6 4.Nc3 dxc4 5.a4 Bf5 6.Ne5 Nbd7 7.Nxc4 Nb6 8.Ne5 a5
9.g3 e6 10.Bg2 Bb4 11.O-O O-O 12.e3 Nfd7 13.e4 Bg6 14.Nxg6 hxg6 15.e5 Nd5
16.Bd2 Qb6 17.Qg4 Rfd8 18.Bg5 Ne7 19.Ne4 Nf8 20.Rad1 Rd7 21.Nc5 Rc7 22.Nb3 Re8
23.Qe2 Rd7 24.Qc4 Nd5 25.Rd3 Nh7 26.Bd2 Bxd2 27.Rxd2 Red8 28.Rb1 Nb4 29.Nc5 Rc7
30.Ne4 Nf8 31.Nd6 Nd7 32.f4 Qa6 33.Qc3 Nb6 34.b3 Nc8 35.Bf1 Qa8 36.Ne4 Qa7
37.g4 Nb6 38.Rbd1 N4d5 39.Qg3 Nd7 40.Nd6 Nf8 41.Bc4 Qb6 42.Ne4 Qb4 43.Rd3 Ne7
44.Qh4 g5 45.Qxg5 Neg6 46.Qxd8 Rd7 47.Qc8 Nxf4 48.Rf3 Rxd4 49.Rxd4 Qe1+ 50.Rf1 Qe3+
51.Nf2 Qxd4 52.Qd7 Qe3 53.Qd1 N4g6 54.Kh1 Nxe5 55.Qd8 Kh7 56.Qh4+ Kg8 57.Qg3 Nxc4
58.Qg2 Qe2 59.Rd1  1-0

[Event "IDJM"]
[Site "Augsburg GER"]
[Date "2002.04.09"]
[Round "10"]
[White "Bromberger,S"]
[Black "Gross,Dav GER"]
[Result "1/2-1/2"]
[WhiteElo "2407"]
[BlackElo "2463"]

1.d4 d5 2.c4 c6 3.Nc3 Nf6 4.Nf3 dxc4 5.a4 Bf5 6.e3 e6 7.Bxc4 Bb4 8.O-O Nbd7
9.Qe2 O-O 10.e4 Bg6 11.Bd3 h6 12.Rd1 a6 13.h3 Rc8  1/2-1/2

[Event "Classics GM"]
[Site "Gausdal NOR"]
[Date "2002.04.13"]
[Round "3"]
[White "Ostenstad,B"]
[Black "Tjomsland,S"]
[Result "1-0"]
[WhiteElo "2438"]
[BlackElo "2274"]

1.d4 d5 2.c4 c6 3.Nf3 Nf6 4.Nc3 dxc4 5.a4 Bf5 6.e3 e6 7.Bxc4 Bb4 8.O-O Nbd7
9.Nh4 Bg6 10.Nxg6 hxg6 11.g3 Nb6 12.Be2 Qd7 13.f4 a5 14.Bf3 O-O 15.Na2 Be7
16.Qb3 Nfd5 17.e4 Nb4 18.Nxb4 Bxb4 19.Be3 Qc7 20.Rac1 Rac8 21.Rc2 Nd7 22.Rfc1 Qb8
23.Kh1 Rfe8 24.Bf2 Qd6 25.Qe3 Qe7 26.g4 Bd6 27.g5 Bc7 28.Rc3 Bb6 29.Be2 e5
30.fxe5 Nxe5 31.Rb3 Ba7 32.Qf4 Nd7 33.Rxb7 Bb8 34.e5 c5 35.Bb5 Rc7 36.Rxc7 Bxc7
37.dxc5 Rd8 38.Re1 Nf8 39.h4 Rd5 40.Bc4 Rxe5 41.Rxe5 Bxe5 42.Qe4 Qc7 43.b3 Bg3
44.Bd4 Qd7 45.Kg2 Bc7 46.Be3 Qd1 47.Qf3 Qc2+ 48.Bf2 Ne6 49.Bxe6 fxe6 50.Qc6 Bf4
51.Qxe6+ Kh7 52.Kf3 Bb8 53.Qd5 Qc1 54.Kg2 Qc2 55.Qc4 Qd2 56.Qe4 Ba7 57.Qd4 Qc2
58.Qd5 Qe2 59.Kg1 Qc2 60.Qc4 Qd2 61.Kg2 Bb8 62.c6 Ba7 63.Qf7 Bxf2 64.Qxf2 Qc1
65.Qf3 Qd2+ 66.Kh3 Qc2 67.Qd5 Qe2 68.Kg3 Qe1+ 69.Kg4 Qe7 70.Qc4 Qc7 71.Kf3 Kh8
72.h5 Qc8 73.c7 Qf5+ 74.Ke2 Qc8 75.Kd2 gxh5 76.g6 Qd7+ 77.Kc1 Qc8 78.Kb2  1-0

[Event "Classics IMB"]
[Site "Gausdal NOR"]
[Date "2002.04.17"]
[Round "8"]
[White "Jakobsen,L"]
[Black "Hole,O"]
[Result "1/2-1/2"]
[WhiteElo "2320"]
[BlackElo "2248"]

1.d4 d5 2.c4 c6 3.Nf3 Nf6 4.Nc3 dxc4 5.a4 Bf5 6.Ne5 e6 7.f3 Bb4 8.Nxc4 O-O
9.Bg5 h6 10.Bh4 c5 11.dxc5 Qxd1+ 12.Rxd1 Bc2 13.Rc1 Bxa4 14.Ra1 Bb3 15.Bxf6 gxf6
16.Nb6 Nc6 17.Nxa8 Rxa8 18.e3  1/2-1/2

[Event "ch-YUG w"]
[Site "Kotor YUG"]
[Date "2002.04.18"]
[Round "6"]
[White "Urosevic,M"]
[Black "Stojanovic,A"]
[Result "1/2-1/2"]
[WhiteElo "2045"]
[BlackElo "2057"]

1.d4 d5 2.Nf3 Nf6 3.c4 c6 4.Nc3 dxc4 5.a4 Bf5 6.e3 e6 7.Bxc4 Bb4 8.O-O O-O
9.Nh4 Nbd7 10.Nxf5 exf5 11.f3 Qa5 12.Qc2  1/2-1/2

[Event "Open"]
[Site "Dubai UAE"]
[Date "2002.04.24"]
[Round "8"]
[White "Gokhale,J"]
[Black "Coleman,J"]
[Result "1/2-1/2"]
[WhiteElo "2355"]
[BlackElo "2137"]

1.d4 d5 2.c4 c6 3.Nf3 Nf6 4.Nc3 dxc4 5.a4 Bf5 6.e3 e6 7.Bxc4 Bb4 8.O-O O-O
9.Qe2 Bg6 10.Ne5 Nbd7 11.Nxg6 hxg6 12.Rd1 Qa5 13.Bd2 e5 14.d5 Rad8 15.dxc6 bxc6
16.Be1 e4 17.Rd4 Ne5 18.Rad1 Rxd4 19.Rxd4 Rd8 20.Qd1 Rxd4 21.Qxd4 Nxc4 22.Qxc4 Bxc3
23.Bxc3 Qd5 24.Qxd5 Nxd5 25.Bd4 a6 26.Bc5 f6 27.Kf1 Kf7 28.Ke2 Ke6 29.Kd2 Nc7
30.Bf8 Kf7 31.Bd6 Nd5 32.Kc2 Ke6 33.Bf8 Nb6 34.Kb3 Nd7 35.Ba3 c5  1/2-1/2

[Event "TUR-BUL Chess Summit"]
[Site "Istanbul TUR"]
[Date "2002.04.26"]
[Round "3"]
[White "Laciner,K"]
[Black "Velcheva,M"]
[Result "1-0"]
[WhiteElo "2194"]
[BlackElo "2327"]

1.d4 d5 2.c4 c6 3.Nf3 Nf6 4.Nc3 dxc4 5.a4 Bf5 6.Ne5 Nbd7 7.Nxc4 Nb6 8.Ne5 e6
9.f3 Nfd7 10.a5 Nxe5 11.axb6 Nd7 12.e4 Bg6 13.Rxa7 Nxb6 14.Rxa8 Qxa8 15.Be3 Qa5
16.Qb3 Bb4 17.Be2 O-O 18.O-O c5 19.d5 exd5 20.Nxd5 Nxd5 21.Qxd5 Qc7 22.Rd1 h6
23.f4 Kh8 24.f5 Bh7 25.f6 gxf6 26.Bxh6 Re8 27.Bf3 Bg6 28.h4 Qe7 29.h5 Bh7
30.Qc4 Ba5 31.Qb5 Bb4 32.Rd7 Qe5 33.Rxf7 Ra8 34.Rd7 Ra1+ 35.Bd1 Qxe4 36.Bg7+ Kg8
37.Bxf6 Bf5 38.Qf1 Bxd7 39.Bb3+ Kh7 40.Qxa1 Bc6 41.Qf1 Qe3+ 42.Kh1 Qh3+ 43.Kg1 Qe3+
44.Kh2 Be4 45.Be5 Qxb3 46.Qf6 Qg8 47.Qe7+ Kh6 48.Bf4+ Kxh5 49.Qxe4 Qf7 50.Be3  1-0

[Event "TUR-BUL Chess Summit"]
[Site "Istanbul TUR"]
[Date "2002.04.29"]
[Round "10"]
[White "Bayram,Y"]
[Black "Kolev,Al"]
[Result "1/2-1/2"]
[WhiteElo "2312"]
[BlackElo "2367"]

1.d4 d5 2.c4 c6 3.Nf3 Nf6 4.Nc3 dxc4 5.a4 Bf5 6.e3 e6 7.Bxc4 Bb4 8.O-O Nbd7
9.Qe2 Ne4 10.Nd2 Nxd2 11.Bxd2 O-O 12.e4 Bg6 13.Bb3 Qb6 14.Bc2 Qxd4 15.Be3 Qd6
16.Rfd1 Qe7 17.Na2 Ba5 18.h4 h6 19.h5 Bh7 20.Bf4 Rfc8 21.Rd3 Bc7 22.Bxc7 Rxc7
23.Rad1 Nf6 24.Nc3 e5 25.a5 Rd7 26.Rxd7 Nxd7 27.a6 b6 28.b4 b5 29.Qd3 Nb6
30.Na2 Kf8 31.Bb3 Rc8 32.f3 f6 33.Qc3 Bg8 34.Nc1 c5 35.Bxg8 Kxg8 36.Nd3 Na4
37.Qc2 c4 38.Nb2 Qxb4 39.Nxa4 Qxa4 40.Qd2 b4 41.Kh2 c3 42.Qd5+ Kh8 43.Qb7 Qe8
44.Kg3 c2 45.Rc1 Qc6 46.Qxb4 Qxa6 47.Qe7 Qa2 48.Qd7 Qc4 49.Qxa7 Qc3 50.Qd7 Qc5
51.Qd2 Qc6 52.Kf2 Kh7 53.Kg3 Qa4 54.Kh3 Rc4 55.Kg3 Qc6 56.Qd3 Rc3 57.Qd2 Qc4
58.Kh2 Qd4 59.Rxc2 Rd3 60.Qf2  1/2-1/2

[Event "Mitropa Cup"]
[Site "Leipzig GER"]
[Date "2002.05.04"]
[Round "2"]
[White "Touzane,O"]
[Black "Golubovic,B"]
[Result "1/2-1/2"]
[WhiteElo "2352"]
[BlackElo "2462"]

1.d4 d5 2.c4 c6 3.Nc3 Nf6 4.Nf3 dxc4 5.a4 Bf5 6.Ne5 Nbd7 7.Nxc4 Nb6 8.Ne5 a5
9.f3 Nfd7 10.Nxd7 Nxd7 11.e4 Bg6 12.Be3 e5 13.dxe5 Nxe5 14.Be2 f6 15.Qxd8+ Rxd8
16.Bb6 Ra8 17.O-O-O Bb4 18.Bd4 Bf7 19.f4 Ng6 20.g3 O-O 21.Kc2 Rfe8 22.Bf3 Nf8
23.Bf2 Ne6 24.Bg4 Bc5 25.Bxe6 Bxf2 26.Bxf7+ Kxf7 27.Rd7+ Re7 28.Rhd1 Ke8
29.Rxe7+ Kxe7 30.Ne2 Bc5 31.Kb3 g6 32.Kc4 Bd6 33.Rd3 Re8 34.g4 Kd7 35.Kd4 Kc7
36.h4 Rd8 37.Kc4 Re8 38.Kd4 Rd8 39.Kc4 Re8 40.Kd4 b6 41.Rf3 Bc5+ 42.Kd3 Rd8+
43.Kc2 Bb4 44.Rd3 Re8 45.Rd4 Bc5 46.Rc4 h6 47.Nd4 Bxd4 48.Rxd4 c5 49.Rc4 g5
50.e5 fxe5 51.fxg5 hxg5 52.h5 Rf8 53.Kd3 Kd6 54.Ke3 Ke6 55.Rc2 Rf4 56.Rh2 Kf7
57.Rf2 Kf6 58.Rf3 c4 59.Rf2 Kg7 60.Rxf4 gxf4+  1/2-1/2

[Event "FSIM May"]
[Site "Budapest HUN"]
[Date "2002.05.06"]
[Round "3"]
[White "Volodin,V"]
[Black "Szabo,K"]
[Result "1/2-1/2"]
[WhiteElo "2319"]
[BlackElo "2226"]

1.Nf3 Nf6 2.c4 c6 3.d4 d5 4.Nc3 dxc4 5.a4 Bf5 6.Ne5 e6 7.f3 Bb4 8.Nxc4 O-O
9.Bg5 h6 10.Bh4 c5 11.dxc5 Qxd1+ 12.Kxd1 Bxc5 13.e4 Bg6 14.Kc2 Nc6 15.Rd1 Rfd8
16.Be2  1/2-1/2

[Event "Croatian Cup"]
[Site "Pula CRO"]
[Date "2002.05.09"]
[Round "3"]
[White "Feletar,D"]
[Black "Petrov,J"]
[Result "1/2-1/2"]
[WhiteElo "2435"]
[BlackElo "2435"]

1.d4 d5 2.c4 c6 3.Nc3 Nf6 4.Nf3 dxc4 5.a4 Bf5 6.Nh4 e6 7.Nxf5 exf5 8.e3 Bb4
9.Bxc4 O-O 10.O-O a5 11.Qf3 g6 12.Rd1 Nbd7 13.Bd2 Nb6 14.Bb3 Qe7 15.Rac1 Rad8
16.Be1  1/2-1/2

[Event "ch-UKR"]
[Site "Alushta UKR"]
[Date "2002.05.10"]
[Round "8"]
[White "Ustianovich,N"]
[Black "Averjanov,A"]
[Result "1-0"]
[WhiteElo "2290"]
[BlackElo "2414"]

1.Nf3 d5 2.d4 Nf6 3.c4 c6 4.Nc3 dxc4 5.a4 Bf5 6.e3 e6 7.Bxc4 Bb4 8.O-O O-O
9.Qe2 Ne4 10.Nxe4 Bxe4 11.Rd1 Nd7 12.Bd2 Bd6 13.Bc3 Qe7 14.Bd3 Bxd3 15.Rxd3 Rfd8
16.e4 Bc7 17.Rad1 h6 18.a5 Nf8 19.Ne5 f6 20.Nc4 Rd7 21.Qg4 Rad8 22.Ne3 Qf7
23.g3 Ng6 24.R3d2 Ne7 25.Qf3 f5 26.Nc4 fxe4 27.Qxe4 Nf5 28.Re1 Nd6 29.Nxd6 Rxd6
30.Rde2 Qf5 31.Qg2 Re8 32.Re5 Qf7 33.Qh3 Rd5 34.Rxe6 Rxe6 35.Rxe6 Bxa5 36.Re4 Bb6
37.Qc8+ Kh7 38.Qg4 Rd7 39.Rf4 Qg6 40.Qxd7 Qb1+ 41.Kg2 Qg6 42.Qf5  1-0

[Event "Dutch Team Playoffs"]
[Site "Enschede NED"]
[Date "2002.05.10"]
[Round "2"]
[White "Piket,Je"]
[Black "Van Wely,L"]
[Result "0-1"]
[WhiteElo "2659"]
[BlackElo "2642"]

1.d4 d5 2.c4 c6 3.Nc3 Nf6 4.Nf3 dxc4 5.a4 Bf5 6.Ne5 Nbd7 7.Nxc4 Qc7 8.g3 e5
9.dxe5 Nxe5 10.Bf4 Nfd7 11.Bg2 g5 12.Nxe5 gxf4 13.Nxd7 O-O-O 14.Qd4 Qxd7
15.Qxf4 Bd6 16.Qh6 Bc7 17.a5 a6 18.O-O Qe6 19.Qh4 h5 20.Rfc1 Bg4 21.Qg5 h4
22.Ne4 hxg3 23.hxg3 Bxe2 24.Re1 Rh5 25.Qc1 Bb5 26.Nc3 Qf6 27.Qe3 Rdh8 28.b4 Bc4
29.Ne4 Qg6 30.Rad1 Bd5 31.Qc3 Qh6 32.f4 Kb8 33.Qf6 Qh7 34.Rd2 Rh1+ 35.Kf2 Rxe1
36.Ng5 Qh2 37.Kxe1 Qg1+ 38.Bf1 Re8+ 39.Re2 Qxg3+ 40.Kd1 Bb3+  0-1